[Event "IBCA World-chT blind 9th"]
[Site "Ohrid"]
[Date "2022.07.02"]
[Round "5.2"]
[White "Strete, Ciprian Iulian"]
[Black "Vojan, Istvan"]
[Result "0-1"]
[WhiteElo "1763"]
[BlackElo "1801"]
[PlyCount "63"]
[EventDate "2022.06.28"]
[EventType "team-swiss"]
[EventRounds "9"]
[EventCountry "MKD"]
[SourceTitle "EXT 2024"]
[Source "ChessBase"]
[SourceDate "2023.10.10"]
[SourceVersion "1"]
[SourceVersionDate "2023.10.10"]
[SourceQuality "1"]
[WhiteTeam "Romania"]
[BlackTeam "Hungary"]
[WhiteTeamCountry "ROU"]
[BlackTeamCountry "HUN"]

1. d4 Nf6 2. c4 e6 3. Nc3 c5 4. d5 exd5 5. cxd5 d6 6. e4 g6 7. Nf3 Bg7 8. h3 0-0 9. Bd3 a6 10. a4 Nbd7 11. Bf4 Qc7 12. 0-0 Re8 13. Qc2 Nh5 14. Be3 Ne5 15. Nxe5 Bxe5 16. Rfc1 Nf4 17. Ne2 Nxd3 18. Qxd3 Bxb2 19. Qc2 Bg7 20. Ng3 Bd7 21. Ra2 b5 22. a5 b4 23. Raa1 Qb7 24. Rcb1 Bb5 25. Qa2 Rac8 26. Bf4 Qd7 27. Qb3 Bc3 28. Bd2 Bd3 29. Bxc3 Bxb1 30. Qxb1 bxc3 31. Qc2 Qb5 32. Ne2 0-1

[Event "Online Olym Disabilities"]
[Site "Tornelo INT"]
[Date "2020.11.25"]
[Round "5.8"]
[White "Watpade, Vivek"]
[Black "Strete, Ciprian Iulian"]
[Result "1-0"]
[WhiteElo "1344"]
[BlackElo "1782"]
[PlyCount "71"]
[EventDate "2020.11.21"]
[EventType "team-swiss (rapid)"]
[EventRounds "7"]
[EventCountry "NET"]
[SourceTitle "CBM 199 Extra"]
[Source "ChessBase"]
[SourceDate "2021.01.31"]
[SourceVersion "1"]
[SourceVersionDate "2021.01.31"]
[SourceQuality "1"]
[WhiteTeam "India III"]
[BlackTeam "Romania"]
[WhiteTeamCountry "IND"]
[BlackTeamCountry "ROU"]

1. e4 c5 2. Nc3 Nc6 3. Bb5 d6 4. Nf3 e5 5. 0-0 Nf6 6. d3 Be7 7. Bc4 0-0 8. Re1 Bg4 9. h3 Bh5 10. Be3 a6 11. a4 Kh8 12. Nd5 Nd4 13. Bxd4 cxd4 14. c3 dxc3 15. bxc3 Nxd5 16. Bxd5 Rb8 17. g4 Bg6 18. Rb1 Qc7 19. Re2 b6 20. Reb2 Bd8 21. Nd2 Qxc3 22. Rc2 Qxd3 23. Rb3 Qd4 24. Rc4 Qc5 25. Rxc5 dxc5 26. Qe2 a5 27. Nc4 Bc7 28. Qb2 f6 29. Nxb6 Rbd8 30. Nc4 h6 31. Rb7 Bb8 32. Nxa5 Be8 33. Qb6 Bxa4 34. Nc6 Bxc6 35. Qxc6 Rc8 36. Qd7 1-0

[Event "IBCA-ol blind 15th"]
[Site "Ohrid"]
[Date "2017.06.27"]
[Round "8.4"]
[White "Strete, Ciprian Iulian"]
[Black "Blagojevic, Savo"]
[Result "0-1"]
[WhiteElo "1773"]
[BlackElo "1875"]
[PlyCount "88"]
[EventDate "2017.06.19"]
[EventType "team-swiss"]
[EventRounds "9"]
[EventCountry "MKD"]
[SourceTitle "CBM 179 Extra"]
[Source "ChessBase"]
[SourceDate "2017.08.23"]
[SourceVersion "1"]
[SourceVersionDate "2017.08.23"]
[SourceQuality "1"]
[WhiteTeam "Romania"]
[BlackTeam "Montenegro"]
[WhiteTeamCountry "ROU"]
[BlackTeamCountry "MNE"]

1. d4 d5 2. c4 e6 3. Nc3 Nf6 4. Bg5 Be7 5. Nf3 c6 6. e3 Nbd7 7. c5 h6 8. Bh4 Nh5 9. Bxe7 Qxe7 10. Bd3 Nhf6 11. 0-0 0-0 12. b4 e5 13. dxe5 Nxe5 14. Nxe5 Qxe5 15. Qc2 Ng4 16. g3 Qh5 17. Kg2 Nxh2 18. Be2 Qh3+ 19. Kg1 Nxf1 20. Bxf1 Qf5 21. Qd2 Qf6 22. Re1 Be6 23. Ne2 Bf5 24. Nf4 Be4 25. Bg2 Bxg2 26. Kxg2 Rad8 27. Rh1 a6 28. Nh5 Qg6 29. Rh4 Rfe8 30. f3 Re5 31. Nf4 Qf6 32. Nh5 Qe7 33. Qd4 f6 34. Nf4 Rxe3 35. Rg4 Qe5 36. Qd2 Re8 37. a4 Kf7 38. Kh3 Qc3 39. Qxc3 Rxc3 40. Nh5 g6 41. Nf4 g5 42. Ng2 Rxf3 43. b5 axb5 44. axb5 Rc3 0-1